Movies Quiz

Random Movies or Role Quiz

Disney Voice Match II Quiz Stats

 Plays Quiz Updated Apr 16, 2021

Support Sporcle.
Go Orange.
Score 0/21 Timer 04:00
0 Plays Today
% Correct
Emperor of China (Pat Morita)
89.1%
Elsa (Idina Menzel)
86.9%
Vanellope (Sarah Silverman)
86.6%
Bianca (Eva Gabor)
83.1%
Shenzi (Whoopi Goldberg)
78.1%
Phil (Danny DeVito)
77.9%
Iago (Gilbert Gottfried)
75.9%
Chief Bogo (Idris Elba)
71%
Scar (Jeremy Irons)
70.9%
Timon (Nathan Lane)
70.1%
Pacha (John Goodman)
60.2%
% Correct
Maggie (Roseanne Barr)
54%
Tito (Cheech Marin)
50.8%
Heihei (Alan Tudyk)
43.4%
Zeus (Rip Torn)
42.1%
Lumière (Jerry Orbach)
41.7%
Captain Phoebus (Kevin Kline)
36.5%
Kenai (Joaquin Phoenix)
32.3%
Tantor (Wayne Knight)
30.6%
Horned King (John Hurt)
28.4%
Copper (Kurt Russell)
25.2%

You're not logged in!

Compare scores with friends on all Sporcle quizzes.
OR
Log In

From the Vault

Thou Shalt Not What?

by christopherjulia

Thou shalt play quizzes.
Remove Ads.
Support Sporcle.
Get the best of Sporcle when you Go Orange. This ad-free experience offers more features, more stats, and more fun while also helping to support Sporcle. Thank you for becoming a member.

Show Comments

Extras

Top Quizzes Today


Score Distribution

Your Account Isn't Verified!

In order to create a playlist on Sporcle, you need to verify the email address you used during registration. Go to your Sporcle Settings to finish the process.

Report this User

Report this user for behavior that violates our Community Guidelines.

Details: